000 00576nam a2200181Ia 4500
008 220216s9999 xx 000 0 und d
100 _aRamesan M.T.
245 0 _aInvestigations on the addition of styrene butadiene rubber in natural rubber and dichlorocarbene modified styrene butadiene rubber blends
260 _bJournal of Materials Science
_c2002
300 _a100-116
650 _aDichlorocarbene modification
650 _aNatural rubber
650 _aSBR/NBR blend
700 _aAlex R.
700 _aKuriakose B.
700 _aManojkumar T.K.
942 _cBS
999 _c51851
_d51851